| 000 | 01646nam a2200409Ii 4500 | ||
|---|---|---|---|
| 001 | DIGEDUV0067 | ||
| 003 | NyNyDIG | ||
| 006 | m o d | ||
| 007 | cr ||||||||||| | ||
| 008 | 140201s2012 ag o 000 0 ita | ||
| 020 |
_a9789876990110 _q(eBook) |
||
| 020 | _z9789871868469 | ||
| 035 | _a(OCoLC)888238215 | ||
| 040 |
_aDGITA _beng _epn _cDGITA |
||
| 043 | _as-ag--- | ||
| 050 | 1 | 4 | _aHV6322.3.A7 eBook |
| 100 | 1 | _aDonatiello, Paola | |
| 245 | 1 | 0 |
_aY Aún Lo Estoy Esperando... : _bimmaginari condivisi narrazioni dei desaparecidos di Córdoba, Argentina / _cPaola Donatiello. |
| 264 | 1 |
_aVilla María, Córdoba, Argentina : _bUniversidad Nacional de Villa María : _bEDUVIM, Editorial Universitaria Villa María, _c2012. |
|
| 300 | _a1 online resource (327 pages) | ||
| 336 |
_atext _btxt _2rdacontent |
||
| 337 |
_acomputer _bc _2rdamedia |
||
| 338 |
_aonline resource _bcr _2rdacarrier |
||
| 490 | 1 | _aColección Poliedros | |
| 504 | _aIncludes bibliographical references (p. 283-300). | ||
| 650 | 0 |
_aVictims of state-sponsored terrorism _zArgentina _zCórdoba (Province) |
|
| 650 | 0 |
_aDisappeared persons _zArgentina _zCórdoba (Province) |
|
| 650 | 0 |
_aState-sponsored terrorism _zArgentina _zCórdoba (Province) |
|
| 650 | 0 |
_aDisappeared persons' families _zArgentina _zCórdoba (Province) |
|
| 655 | 0 | _aElectronic books. | |
| 791 | 2 |
_aDigitalia (Firm), _edistributor. |
|
| 830 | 0 | _aColección Poliedros | |
| 793 | 0 |
_gDigitalia eBook Collection: _aEdiciones Eduvim |
|
| 856 | 4 | 0 |
_3Digitalia Hispánica _uhttps://www.digitaliapublishing.com/a/19056/ |
| 910 | _aPremium Collection: 2007-2012 | ||
| 942 | _cRAA | ||
| 999 |
_c236256 _d236256 |
||